00385nam a2200109Ia 4500008004100000082001900041100002000060245002400080260003600104630001800140650011700158211109s9999||||xx |||||||||||||| ||und|| a894.433bKUM-H aKumar Shrawan,  0aHindi Short Stories bPopular Book DepotaDelhic1973 xGeneral Stack aHindi literaturevHindi fictionxAltaic, Uralic, Hyperborean & Dravidian Literatures of other languagesGeneralia